[Event "Open Semana Santa 2023"]
[Site "?"]
[Date "2023.04.07"]
[Round "4.44"]
[White "IM Chueca Forcen, Alberto"]
[Black "Mateu Guiu, Esteve"]
[Result "1-0"]
[WhiteElo "2359"]
[BlackElo "2071"]
[PlyCount "103"]

1. d4 Nf6 2. c4 e6 3. Nc3 Bb4 4. Qc2 b6 5. e4 c5 6. d5 Qe7 7. dxe6 Qxe6 8. f3
Nc6 9. Kf2 Bxc3 10. Qxc3 O-O 11. Ne2 Bb7 12. Nf4 Qd6 13. Bd3 Qd4+ 14. Qxd4 Nxd4
15. Be3 Nc6 16. Rhd1 Ne5 17. Be2 Rfe8 18. Rac1 Bc6 19. Rc2 Ba4 20. b3 Bc6 21.
g4 h6 22. h4 Rac8 23. g5 hxg5 24. hxg5 Nh7 25. Nh5 Nf8 26. Ng3 Neg6 27. Bf1 Ne6
28. Bh3 Rc7 29. Rcd2 Kf8 30. Ne2 Ke7 31. Kg3 Rh8 32. Nc3 Rcc8 33. f4 Ngxf4 34.
Bxf4 Rxh3+ 35. Kxh3 Nxf4+ 36. Kg4 Ne6 37. Nd5+ Bxd5 38. exd5 Nd4 39. Rh1 Kd6
40. Rh7 Rg8 41. Rf2 Ke7 42. Rfh2 g6 43. Rh8 Kf8 44. Kf4 d6 45. Ke4 Kg7 46.
Rxg8+ Kxg8 47. b4 Kg7 48. bxc5 dxc5 49. d6 Nc6 50. d7 Kf8 51. Kd5 Nd8 52. Re2
1-0

[Event "Open Semana Santa 2023"]
[Site "?"]
[Date "2023.04.07"]
[Round "4.45"]
[White "IM Cruz, Jonathan"]
[Black "Justiniano Marquez, Marco Antoni"]
[Result "1/2-1/2"]
[WhiteElo "2340"]
[BlackElo "2068"]
[PlyCount "139"]

1. Nf3 d6 2. b4 Bg4 3. e3 e5 4. Be2 c6 5. O-O Nf6 6. c4 Nbd7 7. Bb2 Qc7 8. Nc3
Be7 9. Rc1 O-O 10. d4 Rfe8 11. a4 h6 12. a5 a6 13. h3 Bh5 14. Nd2 exd4 15. exd4
Bxe2 16. Qxe2 d5 17. cxd5 Bxb4 18. Qf3 Bxc3 19. Rxc3 Qxa5 20. dxc6 bxc6 21.
Qxc6 Rab8 22. Nc4 Qb5 23. Qf3 Rec8 24. Nd6 Rxc3 25. Bxc3 Qd5 26. Qxd5 Nxd5 27.
Ba5 Rb2 28. Rc1 Ra2 29. Nb7 Ra4 30. Rd1 N7f6 31. Be1 Nf4 32. Kf1 N6d5 33. Nc5
Rc4 34. g3 Ne6 35. Nb3 Rc2 36. Ra1 Rb2 37. Ra3 h5 38. Nc5 Nxd4 39. Rd3 Rb5 40.
Nxa6 Ne6 41. Bd2 h4 42. Kg2 hxg3 43. fxg3 Kh7 44. Kf3 Rb3 45. Rxb3 Nd4+ 46. Ke4
Nxb3 47. Be1 Nf6+ 48. Kd3 Nc1+ 49. Kd2 Nb3+ 50. Ke3 Nd7 51. Bb4 f5 52. h4 Kh6
53. Be7 Kh5 54. Nc7 Nbc5 55. Ne8 Ne6 56. Kf3 Ne5+ 57. Kg2 f4 58. Bd6 fxg3 59.
Bxe5 Kxh4 60. Bxg3+ Kg4 61. Nd6 Nf4+ 62. Kh2 g5 63. Nc4 Kf5 64. Be1 Ne2 65. Kg2
Nf4+ 66. Kf3 g4+ 67. Kg3 Ne2+ 68. Kf2 Nf4 69. Ne3+ Ke4 70. Nxg4 1/2-1/2

[Event "Open Semana Santa 2023"]
[Site "?"]
[Date "2023.04.07"]
[Round "4.46"]
[White "CM Bazilius, Augustinas"]
[Black "IM Lammers, Markus"]
[Result "0-1"]
[WhiteElo "2073"]
[BlackElo "2338"]
[PlyCount "52"]
[EventDate "2023.??.??"]

1. d4 Nf6 2. c4 e6 3. Nf3 c5 4. d5 exd5 5. cxd5 d6 6. Nc3 g6 7. Bf4 a6 8. e4
Bg4 9. Be2 Bg7 10. Qa4+ Nfd7 11. Qb3 Qc7 12. e5 dxe5 13. d6 Qxd6 14. Ne4 Qc7
15. Nfg5 O-O 16. Bc4 exf4 17. Nxf7 b5 18. Bd5 c4 19. Nfg5+ Kh8 20. Qc2 Nc6 21.
Nxh7 Nb4 22. Qd2 Nd3+ 23. Kf1 Kxh7 24. h3 Bf5 25. Ng5+ Kh8 26. h4 Nf6 0-1

[Event "Open Semana Santa 2023"]
[Site "?"]
[Date "2023.04.07"]
[Round "4.47"]
[White "FM Domingo Nunez, Alejandro"]
[Black "Pousada Garcia, Daniel"]
[Result "1-0"]
[WhiteElo "2335"]
[BlackElo "2061"]
[PlyCount "75"]

1. Nf3 Nf6 2. g3 d5 3. c4 e6 4. Bg2 Be7 5. O-O O-O 6. b3 d4 7. e3 c5 8. exd4
cxd4 9. Re1 Nc6 10. d3 Re8 11. Bg5 h6 12. Bxf6 Bxf6 13. Nbd2 e5 14. a3 a5 15.
c5 Bg4 16. Qc2 Be6 17. Nc4 Bxc4 18. Qxc4 Qc7 19. Nd2 Rac8 20. b4 axb4 21. axb4
Nd8 22. Qb5 Nc6 23. Qc4 Nd8 24. Ne4 Be7 25. Bh3 Rb8 26. b5 Bf8 27. Ra7 Ne6 28.
Rc1 Kh8 29. c6 Qb6 30. Ra2 bxc6 31. bxc6 Qc7 32. Ra6 Rb2 33. Qa4 Reb8 34. Ra7
R2b4 35. Rxc7 Rxa4 36. Rxf7 Ba3 37. Bxe6 Bxc1 38. c7 1-0

[Event "Open Semana Santa 2023"]
[Site "?"]
[Date "2023.04.07"]
[Round "4.48"]
[White "Andries, Alf"]
[Black "IM Granero Roca, Antonio"]
[Result "0-1"]
[WhiteElo "2067"]
[BlackElo "2334"]
[Annotator "Usuario"]
[PlyCount "140"]

1. e4 c5 2. Nf3 d6 3. d4 cxd4 4. Nxd4 Nf6 5. Nc3 Nc6 6. Bg5 Bd7 7. Qd2 Nxd4 8.
Qxd4 Qa5 9. Bd2 Qc5 10. Qxc5 dxc5 11. f3 e6 12. Nb5 Bxb5 13. Bxb5+ Nd7 14.
Bxd7+ Kxd7 15. O-O-O $11 Kc6 16. a4 Be7 17. Bc3 a6 18. g3 f6 19. b3 h5 20. h3
b5 21. axb5+ axb5 22. Bb2 Bd6 23. f4 Bc7 24. Rhf1 Rad8 25. Rxd8 Rxd8 26. g4
hxg4 27. hxg4 Rh8 28. g5 Rh4 29. gxf6 gxf6 30. Bxf6 Bxf4+ 31. Kd1 Rg4 32. Ke2
Bc7 33. Kd3 Rg2 34. Rf3 Ba5 35. Bc3 Bc7 36. Bf6 Bd6 37. Bh4 Be5 38. Bf6 Bg3 39.
Bc3 Bh4 40. Be5 Bg5 41. Bf4 Bxf4 42. Rxf4 Rg3+ 43. Ke2 Kd6 44. Rf3 Rg4 45. Kd3
Ke5 46. Rh3 Kf4 47. Rh5 Rg3+ 48. Ke2 e5 49. Rh4+ Rg4 50. Rh3 Kxe4 51. Rc3 Kd5
52. Rh3 Rg2+ 53. Kd1 e4 54. c3 Rg5 55. Ke2 b4 56. cxb4 cxb4 57. Rh8 Rg2+ 58.
Ke3 Rg3+ 59. Kf4 Rf3+ 60. Kg4 Rf7 61. Rd8+ Ke5 62. Rb8 e3 63. Rb5+ Kd6 64. Rb6+
Kc5 65. Re6 Kd4 66. Rd6+ Kc3 67. Re6 Kd2 68. Rd6+ Ke1 69. Rd4 e2 70. Rxb4 Kf2
0-1

[Event "Open Semana Santa 2023"]
[Site "?"]
[Date "2023.04.07"]
[Round "4.49"]
[White "WGM Alinasab, Mobina"]
[Black "WFM Jimenez Fernandez	, Rebeca"]
[Result "1-0"]
[WhiteElo "2334"]
[BlackElo "2053"]
[PlyCount "73"]

1. e4 c5 2. Nf3 d6 3. d4 cxd4 4. Nxd4 Nf6 5. Nc3 g6 6. g3 Bg7 7. Bg2 O-O 8. O-O
Bd7 9. h3 Nc6 10. Nde2 Rc8 11. Be3 b6 12. b3 Ne8 13. Qd2 Nc7 14. Rad1 b5 15.
Nd5 Nxd5 16. exd5 Nb8 17. Bxa7 Qc7 18. Qe3 Rfe8 19. c3 Na6 20. Bb6 Qb7 21. Bd4
Nc5 22. Bxg7 Kxg7 23. Nd4 Ra8 24. Rd2 Ra3 25. f4 Qa7 26. Rff2 Qc7 27. Rde2 Raa8
28. Rc2 Ra3 29. Kh2 Kg8 30. f5 Kg7 31. g4 f6 32. g5 Raa8 33. Qg3 Rh8 34. Rce2
Rae8 35. Re3 Qd8 36. fxg6 hxg6 37. Rxe7+ 1-0

[Event "Open Semana Santa 2023"]
[Site "?"]
[Date "2023.04.07"]
[Round "4.50"]
[White "Arroyo Rodriguez, Jesus"]
[Black "FM Martin Carmona, Gaston Manuel"]
[Result "1/2-1/2"]
[WhiteElo "2048"]
[BlackElo "2333"]
[PlyCount "91"]
[EventDate "2023.??.??"]

1. e4 c5 2. Nf3 d6 3. d4 cxd4 4. Nxd4 Nf6 5. Nc3 g6 6. Be3 Nc6 7. f3 h5 8. Qd2
Nxd4 9. Bxd4 Bh6 10. Be3 Bxe3 11. Qxe3 Be6 12. Bb5+ Kf8 13. O-O Qa5 14. Ba4 Rc8
15. Bb3 Qc5 16. Rfe1 h4 17. e5 dxe5 18. Kh1 Qxe3 19. Rxe3 Bxb3 20. axb3 a6 21.
Rxe5 Rh5 22. Rxh5 Nxh5 23. Rd1 b5 24. Rd2 b4 25. Nd1 Rc5 26. Kg1 g5 27. Ne3 e6
28. Kf2 Ke7 29. Rd4 a5 30. Rc4 Kd6 31. Rxc5 Kxc5 32. Ng4 Kd4 33. Nh6 f6 34. Nf7
Ng7 35. Nd6 Kd5 36. Nc4 Nf5 37. c3 bxc3 38. bxc3 Nd6 39. Nxa5 f5 40. Ke3 e5 41.
g4 f4+ 42. Kd3 e4+ 43. fxe4+ Nxe4 44. c4+ Ke5 45. Nc6+ Kd6 46. Kxe4 1/2-1/2

[Event "Open Semana Santa 2023"]
[Site "?"]
[Date "2023.04.07"]
[Round "4.51"]
[White "Houhou, Alexandre"]
[Black "FM Fiedorek, Michal"]
[Result "1/2-1/2"]
[WhiteElo "2038"]
[BlackElo "2328"]
[PlyCount "58"]
[EventDate "2023.??.??"]

1. e4 c5 2. Nf3 d6 3. d4 cxd4 4. Nxd4 Nf6 5. Nc3 Nc6 6. Bg5 e6 7. Qd3 Bd7 8.
Ndb5 Nb4 9. Qd1 Qb8 10. Bf4 e5 11. Bg5 a6 12. Na3 b5 13. Nab1 Be6 14. a3 Nc6
15. Bxf6 gxf6 16. Nd5 Bg7 17. Nbc3 O-O 18. Bd3 Qb7 19. O-O b4 20. axb4 Nxb4 21.
Ra4 a5 22. Qf3 Nxd3 23. Qxd3 Kh8 24. Rfa1 Bd7 25. R4a2 a4 26. Qf3 Be6 27. Nxf6
Bxa2 28. Qf5 Bxf6 29. Qxf6+ Kg8 1/2-1/2

[Event "Open Semana Santa 2023"]
[Site "?"]
[Date "2023.04.07"]
[Round "4.52"]
[White "FM Sinz, Bernhard"]
[Black "Dura Olmos, Gines Raul"]
[Result "1/2-1/2"]
[WhiteElo "2313"]
[BlackElo "2044"]
[PlyCount "109"]
[EventDate "2023.??.??"]

1. e4 c5 2. Nf3 g6 3. d4 cxd4 4. Nxd4 Bg7 5. Nc3 Nc6 6. Be3 Nf6 7. Nxc6 bxc6 8.
e5 Ng8 9. Bd4 Nh6 10. e6 O-O 11. Bxg7 Kxg7 12. Qd4+ f6 13. exd7 Qxd7 14. Qxd7
Bxd7 15. O-O-O Rfd8 16. Be2 Bg4 17. Rxd8 Rxd8 18. Rd1 Rd6 19. f3 Be6 20. Ne4
Rd5 21. a4 Nf5 22. g3 Kf7 23. b4 Ke8 24. Re1 Re5 25. Bd3 Nd4 26. f4 Rh5 27. h4
Kf7 28. c3 Nf3 29. Rh1 Bd5 30. c4 Bxe4 31. Bxe4 Nd4 32. g4 Rh6 33. g5 Rh5 34.
Kd2 e5 35. Ke3 h6 36. gxf6 Nf5+ 37. Bxf5 exf4+ 38. Kxf4 Rxf5+ 39. Ke4 Kxf6 40.
b5 Ke6 41. Rg1 g5 42. hxg5 hxg5 43. Rh1 Rf4+ 44. Kd3 cxb5 45. axb5 Ke5 46. Re1+
Kd6 47. Kc3 g4 48. Ra1 Kc5 49. Rxa7 Rxc4+ 50. Kd3 Kxb5 51. Rb7+ Kc6 52. Kxc4
Kxb7 53. Kd4 g3 54. Ke3 g2 55. Kf2 1/2-1/2

[Event "Open Semana Santa 2023"]
[Site "?"]
[Date "2023.04.07"]
[Round "4.53"]
[White "Sperat Czar, Nicolas"]
[Black "IM Campos Gambuti, Luis Maria"]
[Result "1-0"]
[WhiteElo "2027"]
[BlackElo "2311"]
[PlyCount "39"]

1. d4 d5 2. c4 dxc4 3. e4 Nf6 4. e5 Nd5 5. Bxc4 Nb6 6. Bd3 Nc6 7. Ne2 Nb4 8.
Be4 f5 9. exf6 exf6 10. O-O f5 11. Bf3 N4d5 12. Nf4 Nxf4 13. Bxf4 Kf7 14. Re1
Bd6 15. Qb3+ Kg6 16. Bxd6 Qxd6 17. Bxb7 Bxb7 18. Re6+ Kh5 19. Rxd6 cxd6 20.
Qf7+ 1-0

[Event "Open Semana Santa 2023"]
[Site "?"]
[Date "2023.04.07"]
[Round "4.54"]
[White "Perez Gonzalez, Roberto"]
[Black "Olsen, Geir"]
[Result "1-0"]
[WhiteElo "1957"]
[BlackElo "1565"]
[PlyCount "69"]

1. e4 c5 2. Nf3 e6 3. g3 d5 4. exd5 exd5 5. d4 cxd4 6. Bg2 Nf6 7. O-O Be7 8.
Nxd4 Nc6 9. Nc3 h6 10. Re1 O-O 11. a3 a6 12. b4 Nxd4 13. Qxd4 Be6 14. Bb2 Qd7
15. Rad1 Rfd8 16. Nxd5 Ne8 17. c4 Bxd5 18. Qxd5 Qg4 19. Qf3 Qxf3 20. Bxf3 Rxd1
21. Rxd1 Nd6 22. c5 Nc4 23. Bc1 a5 24. Bxb7 Ra7 25. c6 Bd6 26. b5 Bc7 27. Rd7
Bb6 28. c7 Bxc7 29. Rxc7 Nd6 30. Rd7 Rxb7 31. Rxd6 Rxb5 32. Be3 Rb3 33. a4 Rb4
34. Rd4 Rb1+ 35. Kg2 1-0

[Event "Open Semana Santa 2023"]
[Site "?"]
[Date "2023.04.07"]
[Round "4.55"]
[White "Sanchez Lake, Alvaro"]
[Black "CM Melkevik, Johannes"]
[Result "1/2-1/2"]
[WhiteElo "1524"]
[BlackElo "1839"]
[PlyCount "74"]

1. c4 e6 2. Nc3 Nf6 3. g3 d5 4. cxd5 exd5 5. d4 Be7 6. Bg2 O-O 7. Nf3 c6 8. O-O
Re8 9. Bf4 Bd6 10. Kh1 Bf5 11. Bxd6 Qxd6 12. Nh4 Bg4 13. h3 Be6 14. f4 Ne4 15.
Nxe4 dxe4 16. g4 Bd5 17. e3 Nd7 18. Nf5 Qf6 19. Ng3 Nf8 20. g5 Qg6 21. h4 f5
22. Bh3 Be6 23. Kg1 Qf7 24. b3 Qd7 25. Qh5 Bf7 26. Qe2 Be6 27. Qh5 g6 28. Qe2
Qd5 29. h5 Kg7 30. h6+ Kg8 31. Rac1 Nd7 32. Rfd1 Rac8 33. Bf1 Qa5 34. Qb2 Bd5
35. Ne2 Qd8 36. Rc2 Qe7 37. Rdc1 Nb6 1/2-1/2

[Event "Open Semana Santa 2023"]
[Site "?"]
[Date "2023.04.07"]
[Round "4.56"]
[White "Sanleon Pravisano, Nieves"]
[Black "FM Mingarro Carceller, Sergi"]
[Result "0-1"]
[WhiteElo "2020"]
[BlackElo "2308"]
[PlyCount "96"]

1. c4 f5 2. Nc3 Nf6 3. g3 e6 4. Bg2 d5 5. cxd5 exd5 6. d4 Bd6 7. Nh3 c6 8. O-O
O-O 9. Rb1 a5 10. Bf4 Be7 11. Bd2 Ne4 12. f3 Nxd2 13. Qxd2 Be6 14. a3 Nd7 15.
b4 Nb6 16. Nf4 Bf7 17. Nd3 Nc4 18. Qc1 Bf6 19. e3 Re8 20. Nd1 axb4 21. Rxb4 b5
22. f4 Qd6 23. Ne5 Nxa3 24. Rb3 Nc4 25. Nb2 Ra2 26. Rf2 Rea8 27. Nbxc4 dxc4 28.
Rxa2 Rxa2 29. Nxf7 Kxf7 30. Rb1 Qe6 31. d5 cxd5 32. Rxb5 Ra1 33. Rb1 Rxb1 34.
Qxb1 Qxe3+ 35. Kh1 Qd2 36. Qb7+ Kg6 37. Bxd5 Qe1+ 38. Kg2 Qe2+ 39. Kh3 c3 40.
Qf7+ Kh6 41. Bf3 Qf1+ 42. Bg2 Qa6 43. Bf3 g6 44. Qf8+ Bg7 45. Qd8 Qf6 46. Qc8
Qd6 47. Qc4 Bd4 48. Bd1 Bg1 0-1

[Event "Open Semana Santa 2023"]
[Site "?"]
[Date "2023.04.07"]
[Round "4.57"]
[White "FM Karthik Rajaa"]
[Black "Aymerich Rosell, Pablo"]
[Result "1-0"]
[WhiteElo "2302"]
[BlackElo "2037"]
[PlyCount "83"]

1. Nf3 Nf6 2. c4 g6 3. Nc3 d5 4. cxd5 Nxd5 5. h4 Nxc3 6. bxc3 c5 7. h5 Bg7 8.
Qa4+ Qd7 9. Qh4 Qf5 10. e4 Qxh5 11. Qxh5 gxh5 12. Rxh5 b6 13. Bb5+ Bd7 14. a4
Nc6 15. Rb1 O-O 16. Rd5 Be8 17. Ba3 a6 18. Be2 Nb8 19. Rxb6 Bxa4 20. Bxc5 Bc6
21. Bxe7 Re8 22. Rd8 Rxd8 23. Bxd8 Bxe4 24. Bc7 Nd7 25. Rxa6 Re8 26. Kf1 Nc5
27. Rb6 Bf8 28. Rb8 Re6 29. Ng5 Rh6 30. Kg1 Bd5 31. Rd8 Bb3 32. Rb8 Bd5 33. d4
Na6 34. Bxa6 Rxa6 35. f3 Kg7 36. Ne4 Be7 37. Bd8 Ra7 38. Kh2 Ba3 39. Bf6+ Kh6
40. Rg8 Bc1 41. Ng3 Bd2 42. Nf5+ 1-0

[Event "Open Semana Santa 2023"]
[Site "?"]
[Date "2023.04.07"]
[Round "4.58"]
[White "Sismeiro, Miguel"]
[Black "Fuentes Guinot, Alejandro"]
[Result "1/2-1/2"]
[WhiteElo "2301"]
[BlackElo "2027"]
[PlyCount "66"]

1. e4 e5 2. Nf3 Nc6 3. Bb5 a6 4. Ba4 Nf6 5. O-O Be7 6. d3 b5 7. Bb3 d6 8. a4
Bb7 9. Nc3 b4 10. Nd5 Nxd5 11. Bxd5 O-O 12. Bd2 Rb8 13. a5 Na7 14. Be3 c5 15.
Nd2 Bxd5 16. exd5 Qd7 17. f4 Nb5 18. f5 Nc7 19. Qf3 f6 20. Qe4 Qe8 21. Nc4 Qf7
22. Nb6 Rfd8 23. c4 bxc3 24. bxc3 Bf8 25. Rfb1 Rb7 26. Qc4 Rdb8 27. Rf1 Na8 28.
d4 Nxb6 29. axb6 cxd4 30. cxd4 Rxb6 31. dxe5 Rb4 32. Qc6 fxe5 33. h3 Rb3
1/2-1/2

[Event "Open Semana Santa 2023"]
[Site "?"]
[Date "2023.04.07"]
[Round "4.59"]
[White "Lorenzo Calvo, Damian Angel"]
[Black "IM Candela Perez, Jose"]
[Result "0-1"]
[WhiteElo "1997"]
[BlackElo "2299"]
[PlyCount "62"]

1. e4 c5 2. Nf3 d6 3. Bb5+ Nc6 4. O-O Bd7 5. Re1 Nf6 6. c3 a6 7. Bd3 Bg4 8. h3
Bh5 9. a4 e6 10. Bf1 Be7 11. d3 O-O 12. Bf4 Qb6 13. Qc2 Bxf3 14. gxf3 Nh5 15.
Bh2 f5 16. Nd2 f4 17. Nc4 Qc7 18. Rad1 Bf6 19. Kh1 Kh8 20. Qb3 Rad8 21. Na3 d5
22. exd5 exd5 23. Re6 g5 24. Rde1 Ng7 25. R6e2 Ne5 26. Rxe5 Bxe5 27. c4 Nf5 28.
Nc2 dxc4 29. dxc4 Rd2 30. Kg2 Nh4+ 31. Kg1 Rxc2 0-1

[Event "Open Semana Santa 2023"]
[Site "?"]
[Date "2023.04.07"]
[Round "4.60"]
[White "FM Escartin Lacasa, Jose"]
[Black "Roig Squire, Jason"]
[Result "1-0"]
[WhiteElo "2298"]
[BlackElo "2017"]
[PlyCount "49"]

1. d4 Nf6 2. Nf3 e6 3. g3 c5 4. Bg2 Nc6 5. O-O Qb6 6. dxc5 Bxc5 7. c4 Bxf2+ 8.
Rxf2 Ng4 9. e3 Nxf2 10. Kxf2 O-O 11. Nc3 Qb4 12. Qd3 f6 13. b3 Qe7 14. Bb2 Nb4
15. Qd2 Rd8 16. Rd1 Rb8 17. Nd4 b6 18. a3 Na6 19. Nxe6 Re8 20. Nf4 Nc7 21. Ncd5
Nxd5 22. Nxd5 Qf8 23. Kg1 d6 24. Rf1 Bb7 25. Nxf6+ 1-0

[Event "Open Semana Santa 2023"]
[Site "?"]
[Date "2023.04.07"]
[Round "4.61"]
[White "Rey Martinez, Jaime"]
[Black "Piddubna, Bozhena"]
[Result "1-0"]
[WhiteElo "2283"]
[BlackElo "2000"]
[PlyCount "173"]

1. e4 e5 2. Nf3 Nc6 3. Nc3 Nf6 4. Bb5 Bb4 5. O-O O-O 6. Bxc6 dxc6 7. d3 Nd7 8.
Ne2 Re8 9. Ng3 a5 10. Qe2 Nf8 11. Be3 Ng6 12. c3 Bd6 13. Qc2 h5 14. h3 Nf4 15.
d4 exd4 16. Bxd4 h4 17. Nf5 Bxf5 18. exf5 Ne2+ 19. Kh1 Nxd4 20. Nxd4 Qf6 21.
Rae1 Rad8 22. Re4 Rxe4 23. Qxe4 Qe5 24. Qxe5 Bxe5 25. Nf3 Bf6 26. g4 hxg3 27.
fxg3 g6 28. g4 gxf5 29. g5 Be7 30. Nd4 Rd5 31. h4 Bd8 32. Nxf5 Rd7 33. Kg2 Kh7
34. Ng3 Kg6 35. Rf5 Rd5 36. Rf2 f6 37. gxf6 Bxf6 38. Kh3 Be5 39. Nf1 Bd6 40.
Kg4 Re5 41. Ng3 Re1 42. h5+ Kh7 43. Ne2 Bc5 44. Rg2 Rf1 45. Ng3 Rf8 46. Re2
Rg8+ 47. Kh4 Rf8 48. Ne4 Be7+ 49. Ng5+ Bxg5+ 50. Kxg5 Rg8+ 51. Kf6 Kh6 52. Ke7
Rg7+ 53. Kd8 c5 54. Rd2 b6 55. Kc8 a4 56. Kb7 Re7 57. Rh2 a3 58. bxa3 Re3 59.
Kxc7 Rxc3 60. Kxb6 c4 61. Kb5 Rxa3 62. Kxc4 Ra8 63. Kb3 Rb8+ 64. Kc2 Ra8 65.
Kb1 Ra7 66. Rh3 Ra8 67. a3 Ra7 68. Ka2 Ra8 69. Kb3 Rb8+ 70. Kc4 Ra8 71. Kb5
Rb8+ 72. Kc6 Ra8 73. Kb7 Ra4 74. Rb3 Kxh5 75. Kb6 Kg6 76. Kb5 Ra8 77. a4 Rb8+
78. Kc4 Rc8+ 79. Kd5 Ra8 80. Ra3 Ra6 81. Kc5 Kf7 82. a5 Ke8 83. Kb5 Rh6 84. a6
Kd7 85. a7 Rh5+ 86. Kb6 Rh6+ 87. Kb7 1-0

[Event "Open Semana Santa 2023"]
[Site "?"]
[Date "2023.04.07"]
[Round "4.62"]
[White "Deusa Ballesteros, Lucas"]
[Black "FM Remolar Gallen, Jose"]
[Result "0-1"]
[WhiteElo "1993"]
[BlackElo "2283"]
[PlyCount "106"]

1. c4 e5 2. Nc3 Nf6 3. Nf3 e4 4. Ng5 b5 5. d3 Bb4 6. Bd2 exd3 7. cxb5 O-O 8. e3
d5 9. Bxd3 a6 10. Qb3 Be7 11. O-O axb5 12. Nxb5 c6 13. Nc3 Na6 14. Na4 c5 15.
Qd1 Bd6 16. h3 h6 17. Nf3 Be6 18. Bc3 Qe7 19. Qe2 Nc7 20. b3 Ne4 21. Qb2 Rfb8
22. Qc2 Nxc3 23. Nxc3 Qf6 24. Be2 Bf5 25. Qd2 Rd8 26. Kh1 Qe6 27. Ng1 d4 28.
Nb5 Nxb5 29. Bxb5 Bc7 30. Bc4 Qd6 31. f4 Ba5 32. Qf2 Bc3 33. Rad1 d3 34. Nf3 d2
35. Ne5 Be6 36. Bxe6 Qxe6 37. Nc4 Rxa2 38. f5 Qe4 39. Qf4 Qxf4 40. exf4 Rd3 41.
Rf3 Rxf3 42. gxf3 Rc2 43. Kg2 Rc1 44. Ne3 Bd4 45. Rxd2 Bxe3 46. Rd8+ Kh7 47.
Rd7 Rc2+ 48. Kg3 h5 49. Rxf7 Bf2+ 50. Kg2 Bd4+ 51. Kg3 h4+ 52. Kxh4 Rg2 53. Rc7
Kh6 0-1

[Event "Open Semana Santa 2023"]
[Site "?"]
[Date "2023.04.07"]
[Round "4.63"]
[White "FM Castellanos Gomez, Alejandro"]
[Black "Villar Piriz, Adrian"]
[Result "1/2-1/2"]
[WhiteElo "2277"]
[BlackElo "1992"]
[PlyCount "82"]

1. d4 Nf6 2. c4 c5 3. d5 b5 4. cxb5 a6 5. b6 g6 6. Nc3 Bg7 7. e4 d6 8. Nf3 Qxb6
9. Nd2 O-O 10. Be2 Nbd7 11. O-O Ne8 12. a4 Nc7 13. Nc4 Qb8 14. Ra3 a5 15. Rb3
Qa7 16. Bd2 Ba6 17. Na3 Ne5 18. Bxa6 Qxa6 19. Ncb5 Nxb5 20. Rxb5 Rfb8 21. Bc3
Rxb5 22. Nxb5 Qb6 23. Qe2 Nd7 24. Rc1 Nf6 25. h3 Ne8 26. Bxg7 Kxg7 27. e5 Nc7
28. exd6 Nxb5 29. axb5 exd6 30. Qe7 Ra7 31. Qe8 Rb7 32. Qc6 Qxb5 33. Qxd6 Qxb2
34. Rxc5 a4 35. Ra5 Rb4 36. Qc7 Rb7 37. Qc6 Qa1+ 38. Kh2 Qe5+ 39. g3 Rb2 40.
Qc5 Rd2 41. Rxa4 Rxd5 1/2-1/2

[Event "Open Semana Santa 2023"]
[Site "?"]
[Date "2023.04.07"]
[Round "4.64"]
[White "FM Moral Garcia, Serafin"]
[Black "Morato Tent, Francisco"]
[Result "1-0"]
[WhiteElo "2258"]
[BlackElo "1975"]
[PlyCount "89"]

1. c4 Nf6 2. Nc3 g6 3. g3 Bg7 4. Bg2 d6 5. d3 Nc6 6. Rb1 Rb8 7. b4 e5 8. Qa4
Bd7 9. b5 Nd4 10. Qxa7 b6 11. Qa4 O-O 12. Nf3 Nxf3+ 13. Bxf3 Bh3 14. Bg5 h6 15.
Bxf6 Bxf6 16. Nd5 Bg7 17. Qa7 Rc8 18. a4 f5 19. a5 bxa5 20. b6 cxb6 21. Ne7+
Kh7 22. Nxc8 Qxc8 23. Bd5 e4 24. Rxb6 Qc5 25. Rb7 Qxa7 26. Rxa7 exd3 27. exd3
Rb8 28. Ke2 Rb2+ 29. Ke3 g5 30. Ra1 Kg6 31. R1xa5 f4+ 32. gxf4 gxf4+ 33. Kxf4
Be5+ 34. Ke3 Bg4 35. f3 Bf5 36. Ra2 Rxh2 37. d4 Bg3 38. Rxh2 Bxh2 39. Be4 h5
40. Bxf5+ Kxf5 41. Ra5+ Kg6 42. Rd5 h4 43. Kf2 h3 44. c5 dxc5 45. dxc5 1-0

[Event "Open Semana Santa 2023"]
[Site "?"]
[Date "2023.04.07"]
[Round "4.65"]
[White "Nazarov, Alexander"]
[Black "Munoz Avila, Jose Luis"]
[Result "0-1"]
[WhiteElo "1982"]
[BlackElo "2237"]
[PlyCount "168"]
[EventDate "2023.??.??"]

1. d4 d5 2. c4 e6 3. Nf3 c6 4. Qb3 Be7 5. g3 Nf6 6. Bd2 a5 7. Bg2 O-O 8. O-O b5
9. cxb5 cxb5 10. Nc3 a4 11. Qxb5 Nbd7 12. Qd3 Nb6 13. b3 Ba6 14. Qc2 Rc8 15.
Qd1 Ne4 16. Nxa4 Nxa4 17. bxa4 Qb6 18. Rb1 Qa7 19. Re1 Rc4 20. e3 Rfc8 21. Rc1
Nxd2 22. Qxd2 Bb4 23. Qb2 Bxe1 24. Rxe1 Rc2 25. Qa3 Qc7 26. Bf1 Bxf1 27. Rxf1
Qc4 28. Ne5 Qxa2 29. Qe7 R2c7 30. Qb4 Qe2 31. Qb5 Qxb5 32. axb5 Rb7 33. Nc6 Kf8
34. Ra1 Rxb5 35. Na7 Ra8 36. Nxb5 Rxa1+ 37. Kg2 Ke7 38. Nc3 Rc1 39. Ne2 Rc2 40.
Ng1 f6 41. Nf3 Kd6 42. h4 e5 43. g4 Ra2 44. Kg3 Ra1 45. Kg2 Ra8 46. Kg3 Rh8 47.
h5 Ke6 48. Kg2 g6 49. hxg6 hxg6 50. Kg3 Rh1 51. Kg2 Rd1 52. Kh2 Ra1 53. Kg2 Ra8
54. Kg3 Rh8 55. Kg2 e4 56. Nh2 Rh4 57. Kg3 g5 58. Nf1 f5 59. gxf5+ Kxf5 60. Nh2
Rh8 61. Ng4 Rh1 62. Ne5 g4 63. Kg2 Rh7 64. Kg3 Rc7 65. Kg2 Rc1 66. Kg3 Rc8 67.
Kg2 Kg5 68. Kh2 Rf8 69. Kg2 Rf6 70. Kg3 Kh5 71. Nd7 Rf3+ 72. Kg2 g3 73. Ne5
Rxf2+ 74. Kxg3 Rf5 75. Nd7 Rf3+ 76. Kg2 Rxe3 77. Nf6+ Kg5 78. Nxd5 Rd3 79. Nc7
Kf4 80. Nd5+ Kf5 81. Ne7+ Ke6 82. Nc6 Kd6 83. Na7 Kd5 84. Nb5 Rb3 0-1

[Event "Open Semana Santa 2023"]
[Site "?"]
[Date "2023.04.07"]
[Round "4.66"]
[White "Pardo Ruiz, Carlos"]
[Black "FM Lozano Ramirez, Nestor Favian"]
[Result "1-0"]
[WhiteElo "1972"]
[BlackElo "2235"]
[PlyCount "65"]

1. e4 g6 2. d4 Bg7 3. Nc3 d6 4. Be3 a6 5. a4 Nf6 6. h3 O-O 7. f4 b6 8. e5 Nfd7
9. Nf3 c5 10. dxc5 bxc5 11. Bc4 dxe5 12. fxe5 Nxe5 13. Nxe5 Qxd1+ 14. Rxd1 Bxe5
15. Nd5 Bb7 16. Nb6 Ra7 17. O-O Be4 18. Bh6 e6 19. Bxf8 Kxf8 20. Rfe1 f5 21.
Bxe6 Rb7 22. a5 Bd4+ 23. Kh1 Bxc2 24. Bd5 Rc7 25. Rd2 Be4 26. Bxe4 Re7 27. Rde2
fxe4 28. Rxe4 Rxe4 29. Rxe4 Bxb2 30. Nc4 Bc1 31. Re5 Nd7 32. Re6 Nb8 33. Rb6
1-0

[Event "Open Semana Santa 2023"]
[Site "?"]
[Date "2023.04.07"]
[Round "4.67"]
[White "IM Kovacevic, Slobodan"]
[Black "Torres Rebolledo, Victor"]
[Result "1-0"]
[WhiteElo "2226"]
[BlackElo "1960"]
[PlyCount "61"]

1. d4 Nf6 2. Nf3 d5 3. Bf4 c5 4. e3 Qb6 5. b3 cxd4 6. exd4 Nc6 7. h3 Bf5 8. c3
h6 9. Bd3 Bxd3 10. Qxd3 e6 11. O-O Be7 12. Nbd2 O-O 13. b4 Rac8 14. a4 a6 15.
Nb3 Ne4 16. Nc5 Bxc5 17. dxc5 Qd8 18. Rfc1 Qe7 19. Rab1 Rfd8 20. Bh2 a5 21. Nd4
Ra8 22. f3 Nf6 23. Bd6 Qd7 24. b5 Na7 25. Bg3 Re8 26. c6 Qe7 27. c7 Rac8 28. b6
Nc6 29. Nxc6 Qc5+ 30. Nd4 e5 31. Bxe5 1-0

[Event "Open Semana Santa 2023"]
[Site "?"]
[Date "2023.04.07"]
[Round "4.68"]
[White "CM Uribe, Jhonny Alberto"]
[Black "Martinez Villena, David"]
[Result "0-1"]
[WhiteElo "2223"]
[BlackElo "1958"]
[PlyCount "118"]

1. b3 e5 2. Bb2 Nc6 3. e3 Nf6 4. c4 d5 5. cxd5 Nxd5 6. a3 Bd6 7. Qc2 Qe7 8. b4
a6 9. Nc3 Be6 10. Nxd5 Bxd5 11. Ne2 O-O 12. d3 f5 13. Nc3 Be6 14. Be2 f4 15.
Bf3 fxe3 16. fxe3 e4 17. Nxe4 Ne5 18. Bxe5 Bxe5 19. d4 Bd6 20. Nxd6 cxd6 21.
O-O Qg5 22. Rae1 Rac8 23. Qe4 Bc4 24. Rf2 Rce8 25. Qc2 b5 26. e4 Re6 27. Qd2
Qe7 28. Rc1 Rh6 29. a4 Qh4 30. g3 Qh3 31. e5 Qe6 32. axb5 axb5 33. Re1 dxe5 34.
dxe5 Qb6 35. Qe3 Qxe3 36. Rxe3 Ra6 37. Kg2 Ra1 38. e6 Re8 39. Bc6 Rxe6 40. Rxe6
Bxe6 41. Bxb5 Bd5+ 42. Kh3 g5 43. Rd2 Be4 44. Bd7 h5 45. b5 Rg1 46. Rf2 Bd3 47.
b6 Bf1+ 48. Rxf1 Rxf1 49. b7 Rb1 50. Bc6 Kg7 51. Kg2 Kf6 52. h4 gxh4 53. gxh4
Kf5 54. Bd7+ Kf4 55. Bc8 Rb2+ 56. Kf1 Kg3 57. Ke1 Kxh4 58. Kd1 Kg3 59. Kc1 Rb6
0-1